000 00870cam a2200289 i 4500
001 200468027
003 TR-AnTOB
005 20260410105038.0
007 ta
008 260410s1968 us 000 0 eng d
022 _a710029543
040 _aTR-AnTOB
_beng
_erda
_cTR-AnTOB
041 0 _aeng
050 1 4 _aPS2388.S8
_bM39 1968
090 _aPS2388.S8
_bM39 1968
100 1 _aMaxwell, D. E. S.
_q(Desmond Ernest Stewart),
_d1925-
_9153527
_eauthor
245 1 0 _aProfiles in Literature :
_bHerman Melville /
_cby D E S Maxwell.
264 1 _aLondon :
_bRoutledge and Kegan Paul Ltd,
_c1968.
264 4 _c©1968
300 _a101 pages ;
_c18 cm
336 _atext
_btxt
_2rdacontent
337 _aunmediated
_bn
_2rdamedia
338 _avolume
_bnc
_2rdacarrier
600 1 0 _aMelville, Herman,
_d1819-1891
_942465
942 _cBK
_2lcc
999 _c200468027
_d86239